|
|
|
|
| LEADER |
00000cam a2200000 a 4500 |
| 001 |
vtls001332725 |
| 003 |
SK-MaSNL |
| 005 |
20260301200455.0 |
| 008 |
240314s1987 xr 0 cze |
| 035 |
|
|
|a SNK000285630
|
| 040 |
|
|
|a SNK
|b slo
|c SNK
|e AACR2
|
| 041 |
|
|
|a cze
|
| 044 |
|
|
|a xr
|c CZ
|
| 100 |
1 |
|
|a Vacek, Mojmír,
|d 1930-1985
|4 aut
|9 117059
|
| 245 |
1 |
0 |
|a Částečné snímací zubní náhrady
|c Mojmír Vacek, Jiří Bittner
|
| 250 |
|
|
|a 4. čes. nezm. vyd.
|
| 260 |
|
|
|a Brno
|b Institut pro další vzděl. střed. zdravot. pracovníků
|c 1987
|
| 300 |
|
|
|a 63 s.
|c 4°
|
| 700 |
1 |
|
|a Bittner, Jiří
|4 aut
|9 290635
|
| 852 |
|
|
|a Slovenská národná knižnica v Martine
|b 10000
|h IB 59090
|
| 958 |
|
|
|a OND
|
| 999 |
|
|
|c 890639
|d 892569
|
| 952 |
|
|
|t P60, <04>, [BOOK], {604}
|a SNK
|b SNK
|y VYP
|7 0
|o snkIB 59090 D1
|i snkKIP 12132/87
|0 0
|1 0
|4 0
|d 1998-05-29
|l 0
|r 2005-01-02 00:00:00
|w 2026-02-24
|
| 952 |
|
|
|a SNK
|b SNK
|y VYP
|7 0
|p 17A1152588
|o snkIB 59090
|i snkKIP 12131/87
|3 Rekatalogizácia
|0 0
|1 0
|4 0
|d 1998-05-29
|l 0
|r 2005-01-02 00:00:00
|w 2026-02-24
|